Ensayo sobre el entendimiento humano
Guardado en:
| Autor principal: | |
|---|---|
| Formato: | Libro |
| Lenguaje: | Undetermined |
| Publicado: |
México, Distrito Federal
Fondo de Cultura Económica
1956
|
| Materias: | |
| Etiquetas: |
Agregar Etiqueta
Sin Etiquetas, Sea el primero en etiquetar este registro!
|
MARC
| LEADER | 00000nam a2200000Ia 4500 | ||
|---|---|---|---|
| 008 | 170316s9999 xx 000 0 und d | ||
| 090 | |a 100 L-45e | ||
| 100 | |a Locke, John | ||
| 245 | |a Ensayo sobre el entendimiento humano | ||
| 260 | |a México, Distrito Federal | ||
| 260 | |b Fondo de Cultura Económica | ||
| 260 | |c 1956 | ||
| 300 | |a 753 páginas | ||
| 650 | |a FILOSOFÍA | ||
| 040 | |a cru BVZT | ||
| 942 | 0 | 0 | |0 1 |
| 999 | |c 16849 |d 16849 | ||
